00342nam a2200121Ia 4500008004100000040001700041041001200058082002100070100001900091245006300110260003100173300001600204230917s9999||||xx |||||||||||||| ||und|| e209777aMAIN aEnglish a343.094201 M732L aMathews, E.J.T 0aLegal aid and advice under the legal aid acts 1949 to 1964 aLondonbButterworthsc1971 aLii, 555 p.